Thai Airways fleet - Statistics

General Stats
  • This quiz has been taken 27 times
  • The average score is 8 of 9
Answer Stats
Hint Answer % Correct
Airbus A320-200
100%
Boeing 777-300ER
95%
Boeing 787-8
90%
Boeing 787-9
90%
Airbus A330-300
90%
Airbus A350-900
90%
Boeing 777-200ER
76%
Airbus A380-800
76%
Airbus A321neo
71%
No matching quizzes found
Score Distribution
Percent of People with Each Score
Percentile by Number Answered
Your Score History
You have not taken this quiz